Country Flags as Pie Chart #8 - Statistics

General Stats
  • This quiz has been taken 21 times
  • The average score is 8 of 20
Answer Stats
Picture Answer % Correct
Afghanistan
76%
Bangladesh
76%
Nigeria
76%
France
71%
Albania
65%
Iraq
47%
Lesotho
47%
Ghana
41%
Sudan
41%
Malaysia
35%
South Africa
35%
Ethiopia
29%
Guinea Bissau
29%
Tanzania
29%
Gambia
24%
Nepal
24%
Saint Kitts and Nevis
24%
Togo
24%
Uzbekistan
24%
Kiribati
18%
No matching quizzes found
Score Distribution
Percent of People with Each Score
Percentile by Number Answered
Your Score History
You have not taken this quiz